[Event "FICGS rapid E 000163 email"]
[Site "FICGS email"]
[Date "2015.11.21"]
[Round "1"]
[White "Goldmund, Heike"]
[Black "Kara, Kaan"]
[Result "0-1"]
[WhiteElo "1188"]
[BlackElo "706"]
[PlyCount "64"]
[EventDate "2015.??.??"]
[EventType "tourn (rapid)"]
[EventRounds "6"]
[SourceTitle "Corr 2022"]
[Source "ChessBase"]
[SourceDate "2021.10.24"]
[SourceVersion "1"]
[SourceVersionDate "2021.10.24"]
[SourceQuality "1"]

1. e4 e6 2. Nf3 d5 3. e5 c5 4. c4 d4 5. d3 Ne7 6. b4 Ng6 7. a3 Nc6 8. Bg5 Qc7 9. Qb3 Ngxe5 10. Nbd2 h6 11. Bh4 cxb4 12. axb4 Nxf3+ 13. Nxf3 Bxb4+ 14. Nd2 0-0 15. Be2 Bxd2+ 16. Kxd2 Qf4+ 17. Ke1 Qxh4 18. g3 Qf6 19. Kf1 b6 20. Kg2 Bb7 21. f3 Ne5 22. Rhf1 g5 23. g4 Nxg4 24. Kg1 Ne3 25. Rf2 Rfc8 26. Qa4 Rc5 27. Qd7 Bc6 28. Qd6 Rd8 29. Qg3 Nxc4 30. dxc4 d3 31. Bd1 Qxa1 32. Rf1 Qd4+ 0-1

[Event "FICGS class G 000025 email"]
[Site "FICGS email"]
[Date "2008.11.18"]
[Round "1"]
[White "Kara, Kaan"]
[Black "Neil, Charles"]
[Result "0-1"]
[WhiteElo "907"]
[BlackElo "1066"]
[PlyCount "20"]
[EventDate "2008.??.??"]
[EventType "tourn (corr)"]
[EventRounds "4"]
[SourceTitle "Corr 2022"]
[Source "ChessBase"]
[SourceDate "2021.10.24"]
[SourceVersion "1"]
[SourceVersionDate "2021.10.24"]
[SourceQuality "1"]

1. e4 c5 2. Nf3 Nc6 3. d4 cxd4 4. Nxd4 Nf6 5. Nc3 e6 6. Nde2 Bb4 7. a3 Qa5 8. Bd2 Bxc3 9. Bxc3 Qd8 10. f3 0-0 0-1

[Event "FICGS class G 000025 email"]
[Site "FICGS email"]
[Date "2008.11.18"]
[Round "1"]
[White "Kara, Kaan"]
[Black "Parker, Aaron"]
[Result "0-1"]
[WhiteElo "907"]
[BlackElo "981"]
[PlyCount "36"]
[EventDate "2008.??.??"]
[EventType "tourn (corr)"]
[EventRounds "4"]
[SourceTitle "Corr 2022"]
[Source "ChessBase"]
[SourceDate "2021.10.24"]
[SourceVersion "1"]
[SourceVersionDate "2021.10.24"]
[SourceQuality "1"]

1. e4 e6 2. d4 d5 3. Nc3 dxe4 4. Nxe4 Nf6 5. Nxf6+ Qxf6 6. Nf3 Qd8 7. Bd3 Be7 8. 0-0 0-0 9. Bf4 c5 10. dxc5 Nc6 11. Bd6 h6 12. Be4 Bxd6 13. cxd6 Bd7 14. Qe2 Rb8 15. Rfe1 Qa5 16. c3 Qd8 17. Rad1 Qf6 18. Nd4 Nxd4 0-1

[Event "FICGS class D 000018 email"]
[Site "FICGS email"]
[Date "2006.11.08"]
[Round "1"]
[White "Kara, Kaan"]
[Black "Marques, Joao"]
[Result "0-1"]
[WhiteElo "1588"]
[BlackElo "1700"]
[PlyCount "22"]
[EventDate "2006.??.??"]
[EventType "tourn (corr)"]
[EventRounds "6"]
[SourceTitle "Corr 2022"]
[Source "ChessBase"]
[SourceDate "2021.10.24"]
[SourceVersion "1"]
[SourceVersionDate "2021.10.24"]
[SourceQuality "1"]

1. e4 c5 2. Nc3 e6 3. g3 a6 4. Bg2 Nc6 5. d3 Qc7 6. Nf3 Nf6 7. 0-0 Be7 8. Re1 0-0 9. Bf4 d6 10. e5 dxe5 11. Bxe5 Nxe5 0-1

[Event "FICGS class E 000020 email"]
[Site "FICGS email"]
[Date "2006.11.05"]
[Round "1"]
[White "Caburro, John"]
[Black "Kara, Kaan"]
[Result "1-0"]
[WhiteElo "1461"]
[BlackElo "1588"]
[PlyCount "35"]
[EventDate "2006.??.??"]
[EventType "tourn (corr)"]
[EventRounds "5"]
[SourceTitle "Corr 2022"]
[Source "ChessBase"]
[SourceDate "2021.10.24"]
[SourceVersion "1"]
[SourceVersionDate "2021.10.24"]
[SourceQuality "1"]

1. d4 d5 2. Nf3 Nf6 3. c3 e6 4. Bf4 c5 5. h3 Nc6 6. Nbd2 Bd6 7. Bxd6 Qxd6 8. e3 h6 9. Bd3 c4 10. Bc2 a5 11. b3 b5 12. bxc4 dxc4 13. e4 Nd7 14. e5 Qe7 15. Ne4 0-0 16. Nd6 Ba6 17. Qe2 f6 18. Qe4 1-0

[Event "FICGS class E 000020 email"]
[Site "FICGS email"]
[Date "2006.11.05"]
[Round "1"]
[White "Kara, Kaan"]
[Black "Barradas, Anderson"]
[Result "0-1"]
[WhiteElo "1588"]
[BlackElo "1400"]
[PlyCount "24"]
[EventDate "2006.??.??"]
[EventType "tourn (corr)"]
[EventRounds "5"]
[SourceTitle "Corr 2022"]
[Source "ChessBase"]
[SourceDate "2021.10.24"]
[SourceVersion "1"]
[SourceVersionDate "2021.10.24"]
[SourceQuality "1"]

1. e4 c5 2. Nf3 e6 3. d4 d5 4. e5 Nc6 5. c3 Qa5 6. Bd2 cxd4 7. cxd4 Bb4 8. a3 Bxd2+ 9. Nbxd2 Nge7 10. b4 Qb6 11. Nb3 Nf5 12. Be2 0-0 0-1

[Event "FICGS class E 000020 email"]
[Site "FICGS email"]
[Date "2006.11.05"]
[Round "1"]
[White "Kara, Kaan"]
[Black "Herr, Jeff"]
[Result "0-1"]
[WhiteElo "1588"]
[BlackElo "1374"]
[PlyCount "20"]
[EventDate "2006.??.??"]
[EventType "tourn (corr)"]
[EventRounds "5"]
[SourceTitle "Corr 2022"]
[Source "ChessBase"]
[SourceDate "2021.10.24"]
[SourceVersion "1"]
[SourceVersionDate "2021.10.24"]
[SourceQuality "1"]

1. e4 e5 2. Nf3 Nc6 3. Bc4 h6 4. d4 exd4 5. Nxd4 Nf6 6. Nxc6 bxc6 7. Nc3 Bb4 8. Bd2 0-0 9. Qf3 Re8 10. 0-0-0 a5 0-1

[Event "FICGS rapid B 000022 email"]
[Site "FICGS email"]
[Date "2006.11.05"]
[Round "1"]
[White "Kara, Kaan"]
[Black "Makosiej, Wladyslaw"]
[Result "0-1"]
[WhiteElo "1588"]
[BlackElo "1600"]
[PlyCount "32"]
[EventDate "2006.??.??"]
[EventType "tourn (rapid)"]
[EventRounds "6"]
[SourceTitle "Corr 2022"]
[Source "ChessBase"]
[SourceDate "2021.10.24"]
[SourceVersion "1"]
[SourceVersionDate "2021.10.24"]
[SourceQuality "1"]

1. e4 e6 2. d4 d5 3. Nc3 Bb4 4. e5 c5 5. a3 Bxc3+ 6. bxc3 Qa5 7. Bd2 Qa4 8. Nf3 b6 9. Qb1 c4 10. Qb4 Qxc2 11. a4 Nc6 12. Qb1 Qb3 13. Qxb3 cxb3 14. Bb5 Bd7 15. Bxc6 Bxc6 16. 0-0 b2 0-1